Win the Swing States of Presidential Election : Pennsylvania - Statistics

General Stats
  • This quiz has been taken 1,022 times
  • The average score is 307 of 880
Answers on the Map
Answers color-coded by a green-red scale on the quiz's map according to % correct below.
 
Answer Stats
County % Correct
Philadelphia
90%
Erie
72%
Allegheny
56%
Bucks
46%
Delaware
39%
Chester
37%
Montgomery
36%
Lancaster
35%
Washington
33%
York
33%
Berks
29%
Centre
27%
Lackawanna
21%
Lehigh
20%
Adams
18%
Dauphin
18%
Monroe
18%
Jefferson
17%
Luzerne
15%
Northampton
15%
Butler
12%
Westmoreland
12%
Beaver
9%
Franklin
9%
Lebanon
9%
Pike
8%
Cumberland
6%
Carbon
5%
Wayne
5%
Cambria
4%
Elk
4%
Greene
4%
Union
4%
Wyoming
4%
Armstrong
3%
Bradford
3%
Crawford
3%
Indiana
3%
Lycoming
3%
Mercer
3%
Schuylkill
3%
Bedford
2%
Blair
2%
Clearfield
2%
Clinton
2%
Columbia
2%
Fayette
2%
Fulton
2%
Juniata
2%
Lawrence
2%
Northumberland
2%
Perry
2%
Potter
2%
Somerset
2%
Susquehanna
2%
Tioga
2%
Warren
2%
Clarion
1%
Huntingdon
1%
McKean
1%
Mifflin
1%
Montour
1%
Snyder
1%
Venango
1%
No matching quizzes found
Score Distribution
Percent of People with Each Score
Percentile by Number Answered
Your Score History
You have not taken this quiz